[Event "DEM U10 2021"]
[Site "Willingen GER"]
[Date "2021.08.24"]
[Round "3"]
[White "Wang, Kaiwen"]
[Black "Payyappat, Sayas"]
[Result "0-1"]
[Termination "normal"]
[Board "14"]
[WhiteElo "1068"]
[BlackElo "1233"]
[WhiteClock "01:02:56"]
[BlackClock "01:03:59"]
[PlyCount "102"]
[WhiteFideId "16279514"]
[BlackFideId "25659260"]
[EventCountry "GER"]
[EventRounds "11"]
[EventType "swiss"]
[EventDate "2021.08.22"]

1. e4 {[%clk 01:15:59]} c5 {[%clk 01:15:50]} {[%emt 00:00:10]} 2. Nf3 {[%clk
01:16:25]} {[%emt 00:00:05]} d6 {[%clk 01:16:06]} {[%emt 00:00:15]} 3. d4
{[%clk 01:16:43]} {[%emt 00:00:12]} cxd4 {[%clk 01:16:29]} {[%emt 00:00:06]} 4.
Nxd4 {[%clk 01:17:06]} {[%emt 00:00:07]} Nf6 {[%clk 01:16:48]} {[%emt
00:00:11]} 5. Nc3 {[%clk 01:17:29]} {[%emt 00:00:08]} a6 {[%clk 01:17:10]}
{[%emt 00:00:08]} 6. f3 {[%clk 01:17:53]} {[%emt 00:00:06]} e5 {[%clk
01:17:16]} {[%emt 00:00:24]} 7. Nb3 {[%clk 01:18:12]} {[%emt 00:00:11]} Be7
{[%clk 01:17:29]} {[%emt 00:00:16]} 8. Be3 {[%clk 01:18:27]} {[%emt 00:00:15]}
Be6 {[%clk 01:17:48]} {[%emt 00:00:11]} 9. Qd2 {[%clk 01:18:33]} {[%emt
00:00:24]} h5 {[%clk 01:18:06]} {[%emt 00:00:11]} 10. Be2 {[%clk 01:18:48]}
{[%emt 00:00:15]} Nbd7 {[%clk 01:17:36]} {[%emt 00:00:33]} 11. O-O {[%clk
01:18:59]} {[%emt 00:00:46]} O-O {[%clk 01:15:04]} {[%emt 00:03:03]} 12. Rad1
{[%clk 01:17:40]} {[%emt 00:01:48]} Rc8 {[%clk 01:14:47]} {[%emt 00:00:48]} 13.
Qc1 {[%clk 01:16:17]} {[%emt 00:01:53]} Qc7 {[%clk 01:12:51]} {[%emt 00:02:20]}
14. Rd2 {[%clk 01:14:29]} {[%emt 00:02:23]} b5 {[%clk 01:10:57]} {[%emt
00:02:24]} 15. a3 {[%clk 01:14:11]} {[%emt 00:00:48]} Nb6 {[%clk 01:08:16]}
{[%emt 00:03:10]} 16. Qd1 {[%clk 01:10:10]} {[%emt 00:04:32]} Bc4 {[%emt
00:03:47]} 17. Na5 {[%clk 01:06:57]} {[%emt 00:03:40]} Bxe2 {[%clk 01:02:48]}
{[%emt 00:02:45]} 18. Qxe2 {[%clk 01:06:50]} {[%emt 00:00:37]} Rfe8 {[%clk
01:00:19]} {[%emt 00:02:58]} 19. Rd3 {[%clk 01:05:48]} {[%emt 00:01:32]} Na4
{[%clk 00:59:55]} {[%emt 00:00:54]} 20. Nxa4 {[%clk 01:03:37]} {[%emt
00:02:42]} bxa4 {[%clk 00:59:45]} {[%emt 00:00:39]} 21. Nb3 {[%clk 01:02:57]}
{[%emt 00:01:11]} axb3 22. cxb3 {[%clk 01:03:18]} Qc2 {[%emt 00:00:49]} 23.
Qxc2 {[%clk 01:03:11]} {[%emt 00:00:26]} Rxc2 {[%clk 00:59:11]} {[%emt
00:00:14]} 24. Rb1 {[%clk 01:03:29]} {[%emt 00:00:13]} Rd8 {[%clk 00:59:19]}
{[%emt 00:00:18]} 25. b4 {[%clk 01:03:40]} {[%emt 00:00:23]} d5 {[%clk
00:59:12]} {[%emt 00:00:37]} 26. Bg5 {[%clk 00:57:49]} {[%emt 00:06:22]} dxe4
{[%clk 00:58:19]} {[%emt 00:01:23]} 27. Rxd8+ {[%clk 00:57:42]} {[%emt
00:00:36]} Bxd8 {[%clk 00:58:47]} {[%emt 00:00:02]} 28. fxe4 {[%clk 00:57:54]}
{[%emt 00:00:18]} Bb6+ {[%clk 00:59:10]} {[%emt 00:00:07]} 29. Kf1 {[%clk
00:58:12]} {[%emt 00:00:12]} Nxe4 {[%clk 00:59:19]} {[%emt 00:00:20]} 30. a4
{[%clk 00:57:50]} {[%emt 00:00:54]} Nxg5 {[%clk 00:59:20]} {[%emt 00:00:28]}
31. a5 {[%clk 00:57:56]} {[%emt 00:00:25]} Bd4 {[%clk 00:59:41]} {[%emt
00:00:08]} 32. b5 {[%clk 00:57:56]} {[%emt 00:00:30]} axb5 {[%clk 01:00:07]}
{[%emt 00:00:05]} 33. a6 {[%clk 00:58:09]} {[%emt 00:00:17]} Ne4 {[%clk
01:00:33]} {[%emt 00:00:04]} 34. Ra1 {[%clk 00:58:24]} {[%emt 00:00:14]} Ba7
{[%clk 01:00:49]} {[%emt 00:00:15]} 35. Rd1 {[%clk 00:58:30]} {[%emt 00:00:23]}
Rc6 {[%clk 01:00:40]} {[%emt 00:00:40]} 36. Ra1 {[%clk 00:58:45]} {[%emt
00:00:15]} Nc5 {[%clk 01:00:59]} {[%emt 00:00:11]} 37. b4 {[%clk 00:58:58]}
{[%emt 00:00:17]} Nxa6 {[%clk 01:01:23]} {[%emt 00:00:06]} 38. Ke2 {[%clk
00:59:19]} {[%emt 00:00:08]} Bd4 {[%clk 01:01:50]} {[%emt 00:00:04]} 39. Ra5
{[%clk 00:59:37]} {[%emt 00:00:12]} Nxb4 {[%clk 01:01:19]} {[%emt 00:01:01]}
40. Rxb5 {[%clk 00:59:58]} {[%emt 00:00:09]} Rc2+ {[%clk 01:01:30]} {[%emt
00:00:17]} 41. Kd1 {[%clk 01:00:18]} {[%emt 00:00:11]} Rb2 {[%clk 01:01:25]}
{[%emt 00:00:36]} 42. g4 {[%clk 01:00:12]} {[%emt 00:00:31]} hxg4 {[%clk
01:01:37]} {[%emt 00:00:22]} 43. Rxb4 {[%clk 01:00:24]} {[%emt 00:00:18]} Rxb4
{[%clk 01:01:55]} {[%emt 00:00:12]} 44. Kc2 {[%clk 01:00:49]} {[%emt 00:00:06]}
Rb2+ {[%clk 01:02:16]} {[%emt 00:00:08]} 45. Kd3 {[%clk 01:01:10]} {[%emt
00:00:10]} Rxh2 {[%clk 01:02:38]} {[%emt 00:00:09]} 46. Ke4 {[%clk 01:01:24]}
{[%emt 00:00:15]} g3 {[%clk 01:02:58]} {[%emt 00:00:09]} 47. Kf3 {[%clk
01:01:41]} {[%emt 00:00:14]} g2 {[%clk 01:03:18]} {[%emt 00:00:07]} 48. Ke4
{[%clk 01:02:04]} {[%emt 00:00:10]} Kf8 {[%clk 01:03:28]} {[%emt 00:00:19]} 49.
Kf5 {[%clk 01:02:19]} {[%emt 00:00:15]} g1=Q {[%clk 01:03:40]} {[%emt
00:00:16]} 50. Ke4 {[%clk 01:02:36]} {[%emt 00:00:15]} Qg2+ {[%clk 01:03:59]}
{[%emt 00:00:08]} 51. Kd3 {[%clk 01:02:56]} {[%emt 00:00:14]} Qc2# {[%emt
00:01:11]} 0-1

[Event "DEM U10 2021"]
[Site "Willingen GER"]
[Date "2021.08.24"]
[Round "3"]
[White "Moskalenko, Michael"]
[Black "Radeke, Timothy"]
[Result "0-1"]
[Termination "normal"]
[Board "15"]
[WhiteElo "1220"]
[BlackElo "1169"]
[WhiteClock "00:51:15"]
[BlackClock "00:42:41"]
[PlyCount "98"]
[WhiteFideId "34608877"]
[BlackFideId "16289412"]
[EventCountry "GER"]
[EventRounds "11"]
[EventType "swiss"]
[EventDate "2021.08.22"]

1. d4 {[%clk 01:15:58]} {[%emt 00:00:01]} c5 {[%clk 01:15:59]} 2. d5 {[%clk
01:16:16]} {[%emt 00:00:13]} Nf6 {[%clk 01:16:25]} {[%emt 00:00:04]} 3. c4
{[%clk 01:16:36]} {[%emt 00:00:10]} e6 {[%clk 01:16:35]} {[%emt 00:00:19]} 4.
Nc3 {[%clk 01:16:51]} {[%emt 00:00:16]} exd5 {[%clk 01:16:57]} {[%emt
00:00:08]} 5. cxd5 {[%clk 01:17:13]} {[%emt 00:00:08]} d6 {[%clk 01:17:21]}
{[%emt 00:00:06]} 6. e4 {[%clk 01:17:19]} {[%emt 00:00:23]} Be7 {[%clk
01:17:45]} {[%emt 00:00:06]} 7. Nf3 {[%clk 01:17:02]} {[%emt 00:00:48]} O-O
{[%clk 01:17:33]} {[%emt 00:00:41]} 8. Be2 {[%clk 01:16:58]} {[%emt 00:00:34]}
a6 {[%clk 01:17:36]} {[%emt 00:00:28]} 9. a4 {[%clk 01:17:17]} {[%emt
00:00:10]} Bg4 {[%clk 01:13:57]} {[%emt 00:04:09]} 10. Nd2 {[%clk 01:17:25]}
{[%emt 00:00:23]} Bxe2 {[%emt 00:00:27]} 11. Qxe2 {[%clk 01:17:42]} {[%emt
00:00:10]} Nbd7 {[%clk 01:13:51]} {[%emt 00:00:41]} 12. Nc4 {[%clk 01:17:49]}
{[%emt 00:00:23]} Re8 {[%clk 01:13:31]} {[%emt 00:00:50]} 13. O-O {[%clk
01:17:50]} {[%emt 00:00:29]} Rb8 {[%clk 01:11:21]} {[%emt 00:02:41]} 14. a5
{[%clk 01:14:46]} {[%emt 00:03:34]} Bf8 {[%clk 01:08:17]} {[%emt 00:03:33]} 15.
Bf4 {[%clk 01:14:24]} {[%emt 00:00:52]} b5 {[%clk 01:08:19]} {[%emt 00:00:28]}
16. axb6 {[%clk 01:14:34]} {[%emt 00:00:21]} Nxb6 {[%clk 01:08:41]} {[%emt
00:00:08]} 17. Nxb6 {[%clk 01:14:20]} {[%emt 00:00:43]} Rxb6 {[%clk 01:05:37]}
{[%emt 00:03:35]} 18. Rxa6 {[%clk 01:14:05]} {[%emt 00:00:44]} Nxe4 {[%clk
01:04:26]} {[%emt 00:01:41]} 19. Nxe4 {[%clk 01:12:05]} {[%emt 00:02:31]} Rxe4
{[%clk 01:02:10]} {[%emt 00:02:45]} 20. Qxe4 {[%clk 01:08:23]} {[%emt
00:04:12]} Rxa6 {[%clk 01:02:09]} {[%emt 00:00:32]} 21. h3 {[%clk 01:07:02]}
{[%emt 00:01:50]} g6 {[%clk 00:59:56]} {[%emt 00:02:44]} 22. Re1 {[%clk
01:04:51]} {[%emt 00:02:40]} Qf6 {[%clk 00:53:07]} {[%emt 00:07:19]} 23. b4
{[%clk 01:03:05]} {[%emt 00:02:15]} g5 {[%clk 00:45:37]} {[%emt 00:08:01]} 24.
Bg3 {[%clk 01:00:50]} {[%emt 00:02:45]} Ra4 {[%clk 00:45:47]} {[%emt 00:00:21]}
25. Qe8 {[%clk 00:56:02]} {[%emt 00:05:18]} Rxb4 {[%clk 00:46:06]} {[%emt
00:00:11]} 26. Qc8 {[%clk 00:55:42]} {[%emt 00:00:49]} Kg7 {[%clk 00:43:24]}
{[%emt 00:03:12]} 27. Re8 {[%clk 00:55:09]} {[%emt 00:01:03]} Be7 {[%clk
00:43:15]} {[%emt 00:00:40]} 28. Qd7 {[%clk 00:54:42]} {[%emt 00:00:57]} Re4
{[%clk 00:43:15]} {[%emt 00:00:30]} 29. f3 {[%clk 00:54:13]} {[%emt 00:00:59]}
Re3 {[%clk 00:40:21]} {[%emt 00:03:24]} 30. Bxd6 {[%clk 00:53:18]} {[%emt
00:01:24]} Bxd6 {[%clk 00:38:02]} {[%emt 00:02:49]} 31. Rxe3 {[%clk 00:53:10]}
{[%emt 00:00:39]} Qd4 {[%clk 00:38:23]} {[%emt 00:00:08]} 32. Qe8 {[%clk
00:52:49]} {[%emt 00:00:50]} Bf4 {[%clk 00:38:44]} {[%emt 00:00:10]} 33. Kf2
{[%clk 00:52:38]} {[%emt 00:00:41]} Bxe3+ {[%clk 00:38:48]} {[%emt 00:00:26]}
34. Qxe3 {[%clk 00:52:57]} {[%emt 00:00:12]} Qxe3+ {[%clk 00:39:13]} {[%emt
00:00:04]} 35. Kxe3 {[%clk 00:53:19]} {[%emt 00:00:09]} Kf6 {[%clk 00:39:36]}
{[%emt 00:00:08]} 36. Ke4 {[%clk 00:53:41]} {[%emt 00:00:07]} h6 {[%clk
00:39:29]} {[%emt 00:00:37]} 37. g4 {[%clk 00:54:00]} {[%emt 00:00:11]} Ke7
{[%clk 00:39:47]} {[%emt 00:00:12]} 38. f4 {[%clk 00:53:54]} {[%emt 00:00:35]}
Kd6 {[%clk 00:39:46]} {[%emt 00:00:31]} 39. f5 {[%clk 00:52:03]} {[%emt
00:02:22]} f6 {[%clk 00:39:10]} {[%emt 00:01:06]} 40. Kd3 {[%clk 00:50:09]}
{[%emt 00:02:24]} Kxd5 {[%clk 00:39:27]} {[%emt 00:00:13]} 41. Kc3 {[%clk
00:50:21]} {[%emt 00:00:17]} c4 {[%clk 00:39:47]} {[%emt 00:00:10]} 42. Kc2
{[%clk 00:50:05]} {[%emt 00:00:47]} Kd4 {[%clk 00:40:09]} {[%emt 00:00:08]} 43.
Kd2 {[%clk 00:50:30]} {[%emt 00:00:05]} c3+ {[%clk 00:40:35]} {[%emt 00:00:04]}
44. Kc2 {[%clk 00:49:44]} {[%emt 00:01:17]} Kc4 {[%clk 00:40:57]} {[%emt
00:00:07]} 45. Kc1 {[%clk 00:49:59]} {[%emt 00:00:15]} Kd3 {[%clk 00:41:22]}
{[%emt 00:00:05]} 46. Kd1 {[%clk 00:50:19]} {[%emt 00:00:10]} c2+ {[%clk
00:41:47]} {[%emt 00:00:05]} 47. Kc1 {[%clk 00:50:41]} {[%emt 00:00:09]} Kc3
{[%clk 00:42:15]} 48. h4 {[%clk 00:50:57]} {[%emt 00:00:13]} gxh4 {[%clk
00:42:41]} {[%emt 00:00:04]} 49. g5 {[%clk 00:51:15]} {[%emt 00:00:12]} h3
{[%emt 00:02:28]} 0-1

[Event "DEM U10 2021"]
[Site "Willingen GER"]
[Date "2021.08.24"]
[Round "3"]
[White "Sajka, Noah"]
[Black "Vinogradov, Ilia"]
[Result "1-0"]
[Termination "normal"]
[Board "16"]
[WhiteElo "1402"]
[BlackElo "1217"]
[WhiteClock "00:35:09"]
[BlackClock "00:19:12"]
[PlyCount "143"]
[WhiteFideId "34608192"]
[BlackFideId "34603166"]
[EventCountry "GER"]
[EventRounds "11"]
[EventType "swiss"]
[EventDate "2021.08.22"]

1. e4 {[%clk 01:15:57]} {[%emt 00:00:02]} e5 {[%clk 01:15:53]} {[%emt
00:00:07]} 2. Nf3 {[%clk 01:16:23]} {[%emt 00:00:05]} Nc6 {[%clk 01:16:17]}
{[%emt 00:00:06]} 3. Bb5 {[%clk 01:16:33]} {[%emt 00:00:20]} a6 {[%clk
01:16:34]} {[%emt 00:00:13]} 4. Ba4 {[%clk 01:16:42]} {[%emt 00:00:21]} Nf6
{[%clk 01:16:48]} {[%emt 00:00:16]} 5. O-O {[%clk 01:16:46]} {[%emt 00:00:25]}
b5 {[%clk 01:16:22]} {[%emt 00:00:57]} 6. Bb3 {[%clk 01:16:55]} {[%emt
00:00:21]} Bc5 {[%clk 01:15:39]} {[%emt 00:01:13]} 7. a4 {[%clk 01:16:33]}
{[%emt 00:00:52]} b4 {[%clk 01:14:17]} {[%emt 00:01:51]} 8. Nxe5 {[%clk
01:15:27]} {[%emt 00:01:36]} Nxe5 {[%clk 01:12:10]} {[%emt 00:02:37]} 9. d4
{[%clk 01:14:46]} {[%emt 00:01:11]} Bd6 {[%clk 01:10:00]} {[%emt 00:02:41]} 10.
dxe5 {[%clk 01:14:26]} {[%emt 00:00:50]} Bxe5 {[%clk 01:10:13]} {[%emt
00:00:17]} 11. f4 {[%clk 01:14:48]} {[%emt 00:00:07]} Qe7 {[%clk 01:00:49]}
{[%emt 00:09:55]} 12. fxe5 {[%clk 01:14:53]} {[%emt 00:00:24]} Qc5+ {[%clk
00:59:32]} {[%emt 00:01:47]} 13. Kh1 {[%clk 01:14:28]} {[%emt 00:00:55]} Qxe5
{[%clk 00:57:09]} {[%emt 00:02:55]} 14. Nd2 {[%clk 01:14:17]} {[%emt 00:00:40]}
O-O {[%clk 00:53:08]} {[%emt 00:04:30]} 15. Nf3 {[%clk 01:06:55]} {[%emt
00:07:52]} Qxe4 {[%clk 00:49:58]} {[%emt 00:03:40]} 16. Ng5 {[%clk 01:06:38]}
{[%emt 00:00:47]} Qc6 {[%clk 00:47:49]} {[%emt 00:02:39]} 17. Qf3 {[%clk
01:00:19]} {[%emt 00:06:50]} d5 {[%clk 00:45:45]} {[%emt 00:02:34]} 18. c4
{[%clk 00:58:06]} {[%emt 00:02:42]} Bg4 {[%clk 00:44:44]} {[%emt 00:01:31]} 19.
Qd3 {[%clk 00:57:52]} {[%emt 00:00:44]} g6 {[%clk 00:42:30]} {[%emt 00:02:44]}
20. cxd5 {[%clk 00:56:44]} {[%emt 00:01:38]} Qd6 {[%clk 00:41:13]} {[%emt
00:01:48]} 21. Qd4 {[%clk 00:56:02]} {[%emt 00:01:11]} Bf5 {[%clk 00:40:44]}
{[%emt 00:00:59]} 22. a5 {[%clk 00:53:17]} {[%emt 00:03:15]} c5 {[%clk
00:40:13]} {[%emt 00:01:02]} 23. Qh4 {[%clk 00:52:14]} {[%emt 00:01:31]} h5
{[%clk 00:38:32]} {[%emt 00:02:11]} 24. Bf4 {[%clk 00:51:40]} {[%emt 00:01:05]}
Qd7 {[%clk 00:38:24]} {[%emt 00:00:38]} 25. Be5 {[%clk 00:48:48]} {[%emt
00:03:22]} Ng4 {[%clk 00:37:57]} {[%emt 00:00:58]} 26. Bf4 {[%clk 00:47:11]}
{[%emt 00:02:06]} Qb5 {[%clk 00:36:28]} {[%emt 00:01:59]} 27. Ba4 {[%clk
00:44:55]} {[%emt 00:02:46]} Qc4 {[%clk 00:33:21]} {[%emt 00:03:37]} 28. Bc6
{[%clk 00:44:22]} {[%emt 00:01:03]} Rac8 {[%clk 00:32:54]} {[%emt 00:00:58]}
29. Bd6 {[%clk 00:39:33]} {[%emt 00:05:19]} Rfd8 {[%clk 00:32:29]} {[%emt
00:00:55]} 30. Be7 {[%clk 00:35:38]} {[%emt 00:04:25]} Rxd5 {[%clk 00:29:38]}
{[%emt 00:03:21]} 31. Bxd5 {[%clk 00:35:33]} {[%emt 00:00:34]} Qxd5 {[%clk
00:29:40]} {[%emt 00:00:29]} 32. Nf3 {[%clk 00:34:44]} {[%emt 00:01:18]} Re8
{[%clk 00:25:18]} {[%emt 00:04:52]} 33. Bg5 {[%clk 00:32:42]} {[%emt 00:02:32]}
Bd3 {[%clk 00:24:10]} {[%emt 00:01:38]} 34. Rfe1 {[%clk 00:32:13]} {[%emt
00:00:59]} Rc8 {[%clk 00:22:18]} {[%emt 00:02:23]} 35. h3 {[%clk 00:32:07]}
{[%emt 00:00:36]} f6 {[%clk 00:18:55]} {[%emt 00:03:52]} 36. hxg4 {[%clk
00:31:03]} {[%emt 00:01:33]} fxg5 {[%clk 00:18:13]} {[%emt 00:01:12]} 37. Qxg5
{[%clk 00:31:09]} {[%emt 00:00:25]} Qc4 {[%clk 00:17:00]} {[%emt 00:01:44]} 38.
Ne5 {[%clk 00:31:04]} {[%emt 00:00:35]} Qd5 {[%clk 00:16:23]} {[%emt 00:01:07]}
39. Nf3 {[%clk 00:29:30]} {[%emt 00:02:03]} Qxg5 {[%clk 00:16:08]} {[%emt
00:00:45]} 40. Nxg5 {[%clk 00:29:47]} {[%emt 00:00:13]} c4 {[%clk 00:16:10]}
{[%emt 00:00:29]} 41. Rac1 {[%clk 00:30:05]} {[%emt 00:00:12]} Rc5 {[%clk
00:15:57]} {[%emt 00:00:43]} 42. Nf3 {[%clk 00:30:10]} {[%emt 00:00:23]} hxg4
{[%clk 00:15:40]} {[%emt 00:00:49]} 43. Ne5 {[%clk 00:30:21]} {[%emt 00:00:16]}
Rxa5 {[%clk 00:14:56]} {[%emt 00:01:16]} 44. Nxc4 {[%clk 00:30:31]} {[%emt
00:00:20]} Ra2 {[%clk 00:13:55]} {[%emt 00:01:31]} 45. Ne5 {[%clk 00:29:45]}
{[%emt 00:01:16]} Bf5 {[%clk 00:13:58]} {[%emt 00:00:28]} 46. Re2 {[%clk
00:29:50]} {[%emt 00:00:25]} a5 {[%clk 00:13:59]} {[%emt 00:00:29]} 47. Nc6
{[%clk 00:29:42]} {[%emt 00:00:38]} Bd3 {[%clk 00:13:43]} {[%emt 00:00:45]} 48.
Rd2 {[%clk 00:29:42]} {[%emt 00:00:30]} Bf5 {[%clk 00:13:54]} {[%emt 00:00:19]}
49. Ne7+ {[%clk 00:30:02]} {[%emt 00:00:11]} Kf7 {[%clk 00:14:14]} {[%emt
00:00:10]} 50. Nxf5 {[%clk 00:30:26]} {[%emt 00:00:06]} gxf5 {[%clk 00:14:37]}
{[%emt 00:00:06]} 51. Kh2 {[%clk 00:30:45]} {[%emt 00:00:11]} a4 {[%clk
00:13:56]} {[%emt 00:01:11]} 52. Rc7+ {[%clk 00:30:55]} {[%emt 00:00:20]} Kg6
{[%clk 00:14:14]} {[%emt 00:00:12]} 53. Rb7 {[%clk 00:30:37]} {[%emt 00:00:48]}
b3 {[%clk 00:14:01]} {[%emt 00:00:43]} 54. Kg3 {[%clk 00:30:49]} {[%emt
00:00:18]} Kg5 {[%clk 00:13:40]} {[%emt 00:00:52]} 55. Rb4 {[%clk 00:29:55]}
{[%emt 00:01:24]} a3 {[%clk 00:13:47]} {[%emt 00:00:23]} 56. Rxb3 {[%clk
00:30:15]} {[%emt 00:00:10]} axb2 {[%clk 00:14:08]} {[%emt 00:00:09]} 57. Rdxb2
{[%clk 00:30:36]} {[%emt 00:00:08]} Rxb2 {[%clk 00:14:28]} {[%emt 00:00:11]}
58. Rxb2 {[%clk 00:30:53]} {[%emt 00:00:13]} f4+ {[%clk 00:14:45]} {[%emt
00:00:12]} 59. Kf2 {[%clk 00:31:17]} {[%emt 00:00:06]} Kh4 {[%clk 00:14:58]}
{[%emt 00:00:18]} 60. Rb4 {[%clk 00:31:26]} {[%emt 00:00:21]} g3+ {[%clk
00:15:18]} {[%emt 00:00:09]} 61. Kf3 {[%clk 00:31:37]} {[%emt 00:00:24]} Kg5
{[%clk 00:15:35]} {[%emt 00:00:09]} 62. Rxf4 {[%clk 00:31:36]} {[%emt
00:00:31]} Kg6 {[%clk 00:15:59]} {[%emt 00:00:07]} 63. Kxg3 {[%clk 00:31:58]}
{[%emt 00:00:06]} Kg5 {[%clk 00:16:10]} {[%emt 00:00:20]} 64. Kf3 {[%clk
00:32:24]} {[%emt 00:00:04]} Kg6 {[%clk 00:16:32]} {[%emt 00:00:07]} 65. g4
{[%clk 00:32:47]} {[%emt 00:00:07]} Kg7 {[%clk 00:16:51]} {[%emt 00:00:11]} 66.
g5 {[%clk 00:33:11]} {[%emt 00:00:06]} Kg6 {[%clk 00:17:18]} {[%emt 00:00:03]}
67. Kg4 {[%clk 00:33:34]} {[%emt 00:00:07]} Kg7 {[%clk 00:17:38]} {[%emt
00:00:10]} 68. Kf5 {[%clk 00:33:56]} {[%emt 00:00:08]} Kg8 {[%clk 00:18:02]}
{[%emt 00:00:06]} 69. Kf6 {[%clk 00:34:22]} {[%emt 00:00:04]} Kh7 {[%clk
00:18:23]} {[%emt 00:00:12]} 70. Rh4+ {[%clk 00:34:43]} {[%emt 00:00:05]} Kg8
{[%clk 00:18:46]} {[%emt 00:00:07]} 71. g6 {[%clk 00:35:09]} {[%emt 00:00:04]}
Kf8 {[%clk 00:19:12]} {[%emt 00:00:05]} 72. Rh8# {[%emt 00:00:02]} 1-0

[Event "DEM U10 2021"]
[Site "Willingen GER"]
[Date "2021.08.24"]
[Round "3"]
[White "Deiringer, Julius"]
[Black "Schröder, Hannes Artur"]
[Result "1-0"]
[Termination "normal"]
[Board "17"]
[WhiteElo "1274"]
[BlackElo "961"]
[WhiteClock "00:41:14"]
[BlackClock "00:47:53"]
[PlyCount "85"]
[WhiteFideId "16267010"]
[BlackFideId "34608818"]
[EventCountry "GER"]
[EventRounds "11"]
[EventType "swiss"]
[EventDate "2021.08.22"]

1. e4 {[%clk 01:15:58]} {[%emt 00:00:02]} e5 {[%clk 01:15:55]} {[%emt
00:00:06]} 2. Nf3 {[%clk 01:16:22]} {[%emt 00:00:06]} Nc6 {[%clk 01:16:18]}
{[%emt 00:00:07]} 3. Bb5 {[%clk 01:16:45]} {[%emt 00:00:07]} d6 {[%clk
01:16:42]} {[%emt 00:00:06]} 4. h3 {[%clk 01:16:44]} {[%emt 00:00:30]} a6
{[%clk 01:16:55]} {[%emt 00:00:18]} 5. Ba4 {[%clk 01:17:06]} {[%emt 00:00:08]}
Nf6 {[%clk 01:16:57]} {[%emt 00:00:28]} 6. d3 {[%clk 01:16:33]} {[%emt
00:01:03]} h6 {[%clk 01:17:04]} {[%emt 00:00:22]} 7. O-O {[%clk 01:16:45]}
{[%emt 00:00:19]} Be6 {[%clk 01:17:06]} {[%emt 00:00:27]} 8. c3 {[%clk
01:15:51]} {[%emt 00:01:24]} d5 {[%clk 01:16:37]} {[%emt 00:00:59]} 9. Nxe5
{[%clk 01:15:34]} {[%emt 00:00:47]} Qd6 {[%clk 01:15:42]} {[%emt 00:01:25]} 10.
Nxc6 {[%clk 01:12:02]} {[%emt 00:04:02]} bxc6 {[%clk 01:15:54]} {[%emt
00:00:18]} 11. e5 {[%clk 01:11:36]} {[%emt 00:00:56]} Qd7 {[%clk 01:15:10]}
{[%emt 00:01:15]} 12. exf6 {[%clk 01:11:08]} {[%emt 00:00:58]} gxf6 {[%clk
01:15:21]} {[%emt 00:00:18]} 13. Re1 {[%clk 01:10:45]} {[%emt 00:00:54]} Be7
{[%clk 01:15:31]} {[%emt 00:00:18]} 14. Qf3 {[%clk 01:09:58]} {[%emt 00:01:18]}
Rg8 {[%clk 01:15:00]} {[%emt 00:01:02]} 15. Re3 {[%clk 01:06:46]} {[%emt
00:03:42]} f5 {[%clk 01:14:06]} {[%emt 00:01:24]} 16. Re1 {[%clk 01:04:49]}
{[%emt 00:02:25]} f4 {[%clk 01:13:48]} {[%emt 00:00:50]} 17. Bxf4 {[%clk
01:04:02]} {[%emt 00:01:16]} Kf8 {[%clk 01:11:22]} {[%emt 00:02:57]} 18. Bxh6+
{[%clk 01:04:14]} {[%emt 00:00:17]} Ke8 {[%clk 01:11:33]} {[%emt 00:00:17]} 19.
Re3 {[%clk 01:03:32]} {[%emt 00:01:15]} Kd8 {[%clk 01:11:23]} {[%emt 00:00:40]}
20. Nd2 {[%clk 01:00:25]} {[%emt 00:03:36]} Qd6 {[%clk 01:10:58]} {[%emt
00:00:57]} 21. Bf4 {[%clk 00:58:43]} {[%emt 00:02:11]} Qd7 {[%clk 01:10:20]}
{[%emt 00:01:06]} 22. Nf1 {[%clk 00:56:55]} {[%emt 00:02:20]} Rb8 {[%clk
01:08:40]} {[%emt 00:02:09]} 23. b3 {[%clk 00:53:16]} {[%emt 00:04:09]} Bd6
{[%clk 01:07:07]} {[%emt 00:01:53]} 24. Bxd6 {[%clk 00:51:35]} {[%emt
00:02:22]} cxd6 {[%clk 01:07:19]} {[%emt 00:00:18]} 25. Qf6+ {[%clk 00:51:31]}
{[%emt 00:00:33]} Kc7 {[%clk 01:07:10]} {[%emt 00:00:39]} 26. Ng3 {[%clk
00:50:12]} {[%emt 00:01:49]} Rg6 {[%clk 01:05:43]} {[%emt 00:01:53]} 27. Qh4
{[%clk 00:49:15]} {[%emt 00:01:31]} Rbg8 {[%clk 01:04:11]} {[%emt 00:02:01]}
28. Rae1 {[%clk 00:48:06]} {[%emt 00:01:40]} Qc8 {[%clk 01:03:48]} {[%emt
00:00:53]} 29. Qe7+ {[%clk 00:47:34]} {[%emt 00:01:03]} Qd7 {[%clk 01:03:11]}
{[%emt 00:01:07]} 30. Qxd7+ {[%clk 00:47:27]} {[%emt 00:00:36]} Kxd7 {[%clk
01:03:30]} {[%emt 00:00:11]} 31. c4 {[%clk 00:44:46]} {[%emt 00:03:11]} d4
{[%clk 01:03:06]} {[%emt 00:00:54]} 32. Re4 {[%clk 00:42:29]} {[%emt 00:02:47]}
Rg5 {[%clk 00:52:51]} {[%emt 00:10:45]} 33. Rxd4 {[%clk 00:40:16]} {[%emt
00:02:43]} Bf5 {[%clk 00:52:04]} {[%emt 00:01:17]} 34. Re3 {[%clk 00:40:13]}
{[%emt 00:00:33]} f6 {[%clk 00:51:27]} {[%emt 00:01:03]} 35. Rf4 {[%clk
00:39:54]} {[%emt 00:00:53]} Be6 {[%clk 00:50:09]} {[%emt 00:01:47]} 36. Rxf6
{[%clk 00:40:11]} {[%emt 00:00:15]} Ke7 {[%clk 00:49:52]} {[%emt 00:00:44]} 37.
Rexe6+ {[%clk 00:40:08]} {[%emt 00:00:35]} Kd7 {[%clk 00:49:53]} {[%emt
00:00:29]} 38. Rxd6+ {[%clk 00:40:31]} {[%emt 00:00:08]} Kc7 {[%clk 00:48:54]}
{[%emt 00:01:28]} 39. Rxc6+ {[%clk 00:40:39]} {[%emt 00:00:21]} Kb7 {[%clk
00:48:49]} {[%emt 00:00:36]} 40. Rb6+ {[%clk 00:40:58]} {[%emt 00:00:12]} Kc7
{[%clk 00:48:30]} {[%emt 00:00:48]} 41. Rxa6 {[%clk 00:40:47]} {[%emt
00:00:41]} R8g7 {[%clk 00:47:48]} {[%emt 00:01:09]} 42. Ra7+ {[%clk 00:40:52]}
{[%emt 00:00:29]} Kd8 {[%clk 00:47:53]} {[%emt 00:00:21]} 43. Rf8# {[%clk
00:41:14]} {[%emt 00:00:11]} 1-0